La ciencia su método y su filosofía

En este libro se desarrollan los temas relacionados con la ciencia, su método y su filosofía, tomando en cuenta principalmente la concepción de ciencia, en donde se aclara que no toda la investigación científica procura el conocimiento objetivo, así el método de la ciencia pone especial énfasis al h...

وصف كامل

محفوظ في:
التفاصيل البيبلوغرافية
المؤلف الرئيسي: Bunge, Mario
التنسيق: نص
منشور في: Buenos Aires : Ediciones Siglo Veinte,
الموضوعات:
الوسوم: إضافة وسم
لا توجد وسوم, كن أول من يضع وسما على هذه التسجيلة!

MARC

LEADER 00000 a a2200000 04500
001 34445
003
040
020 |a 950-516-071-4  
022 |a 950-516-071-4  
090 |a 1001 B942c  
100 |a Bunge, Mario  
245 |a La ciencia su método y su filosofía  
260 |a Buenos Aires :   |b Ediciones Siglo Veinte,  
300 |a 110 p.  
500 |a En el CIDCACS existe una versión de 1981 de la misma editorial No. de inscripción 14792  
520 |a En este libro se desarrollan los temas relacionados con la ciencia, su método y su filosofía, tomando en cuenta principalmente la concepción de ciencia, en donde se aclara que no toda la investigación científica procura el conocimiento objetivo, así el método de la ciencia pone especial énfasis al hecho de que aquello que caracteriza al conocimiento científico es su verificabilidad. Para el autor, la mayoría de los científicos y metacientíficos concuerden en que la corriente central de la investigación científica consiste en la búsqueda, explicación y aplicación de las leyes científicas.  
590 |a RRA/ENERO2011  
650 |a CIENCIA  
650 |a METODOLOGIA  
650 |a FILOSOFIA  
650 |a INVESTIGACION  
650 |a SOCIEDAD  
650 |a LOGICA  
650 |a MATEMATICA  
999 |c 13915  |d 13915